000 01346nam a2200349 c 4500
003 BLK
005 20250508110650.0
008 180410b bul|||||r ||||||| ||bul||
010 _aKNG00156661000
020 _a978-954-2969-14-3
_bиздат.: Тиара букс
040 _aBLK
041 _aBUL
_cBUL
072 7 _2bullib
_aН83
_xЧужда художествена литература Н
080 _aАмериканска литература (на САЩ)
_b821.111(73)
_x-31
_z821.111(73)-31
100 1 _aХауърд, Линда
_eпърви автор
_9267062
700 1 _aПетрова, Димитрия
_eпрев.
_9380048
139 _aХауърд, Линда
_bХ 33
245 1 0 _aПерфектният мъж
_bРоман
_cЛинда Хауърд; прев. Димитрия Петрова.
257 _aUSA
260 София
_bТиара букс
_c2013
_fКостинброд : Мултипринт
300 _a400 с.
_c20 см
380 _aX
500 _aОриг. загл. Mr. Perfect / Linda Howard.
653 _aромани
659 _aН
852 _aЦб 268115
856 4 _qpdf
_u
856 4 _qpdf
_u
942 _cKNG
_n0
_025
944 _aCR
_c14.02.2014
_lРусанова Ирена
_k30542
944 _aED
_c17.02.2015
_lф /
_kПенка_Димитрова
999 _c150339
_d150339